000 01525nam a2200373 c 4500
003 BLK
005 20220503110828.0
008 180411b bul|||||r ||||||| ||bul||
010 _aKNG00208663000
020 _a978-954-27-2031-7
_bиздат.: Егмонт България
040 _aBLK
041 _aBUL
_cBUL
072 7 _2bullib
_aН8300
_xРомантична проза Н
080 _aИталианска литература
_b821.131.1
_x-31
_z821.131.1-31
100 1 _aФлумери, Елизабета
_eпърви автор
_9134468
700 1 _aДжакомети, Габриела
_eсъавт.
_9348617
700 1 _aЦалова, Весела Лулова
_eпрев. от итал.
_9367540
139 _aФлумери, Елизабета и др.
_bФ 65
245 1 0 _aЛюбовта е "целувка на дама"
_bРоман
_cЕлизабета Флумери; съавт. Габриела Джакомети; прев. от итал. Весела Лулова Цалова.
257 _aITA
260 София
_bЕгмонт България
_c2017
300 _a328 с.
_c21 см
380 _aX
490 1 _aУо
500 _aОриг. загл. L'amore e un vacio di dama. - 1 500 тир.
653 _aромантична проза
653 _aромани
659 _aН
852 _aЦб 286280
856 4 _qpdf
_u
856 4 _qpdf
_u
942 _cKNG
_n0
_010
944 _aCR
_c28.06.2017
_lф /
_kВиолета_Тройчева
944 _aED
_c17.11.2017
_lф /
_kПенка_Димитрова
999 _c199286
_d199286